The path we tread : (Record no. 353)

MARC details
000 -LEADER
fixed length control field 00837cam a2200277 a 4500
005 - DATE AND TIME OF LATEST TRANSACTION
control field 20260322212016.0
008 - FIXED-LENGTH DATA ELEMENTS--GENERAL INFORMATION
fixed length control field data
010 ## - LIBRARY OF CONGRESS CONTROL NUMBER
LC control number 94-49183
020 ## - INTERNATIONAL STANDARD BOOK NUMBER
International Standard Book Number 9780887376405
020 ## - INTERNATIONAL STANDARD BOOK NUMBER
International Standard Book Number 0887376401
040 ## - CATALOGING SOURCE
Original cataloging agency DNLM
Transcribing agency DNLM
041 09 - LANGUAGE CODE
Language code of text/sound track or separate title eng
044 ## - COUNTRY OF PUBLISHING/PRODUCING ENTITY CODE
-- United States
060 10 - NATIONAL LIBRARY OF MEDICINE CALL NUMBER
Classification number WY 11.1
Item number C289p 1995
001 - CONTROL NUMBER
control field data
100 1# - MAIN ENTRY--PERSONAL NAME
Personal name Carnegie, Mary Elizabeth.
245 14 - TITLE STATEMENT
Title The path we tread :
Remainder of title blacks in nursing worldwide, 1854-1994 /
Statement of responsibility, etc. Mary Elizabeth Carnegie.
250 ## - EDITION STATEMENT
Edition statement 3rd ed.
260 ## - PUBLICATION, DISTRIBUTION, ETC.
Place of publication, distribution, etc. New York :
Name of publisher, distributor, etc. National League for Nursing Press,
Date of publication, distribution, etc. c1995.
300 ## - PHYSICAL DESCRIPTION
Extent xxi, 329 p. :
Other physical details ill., ports.
490 1# - SERIES STATEMENT
Series statement Pub;
Volume/sequential designation no. 14-2678
504 ## - BIBLIOGRAPHY, ETC. NOTE
Bibliography, etc. note Includes bibliographical references and index.
650 12 - SUBJECT ADDED ENTRY--TOPICAL TERM
Topical term or geographic name entry element History of Nursing
650 22 - SUBJECT ADDED ENTRY--TOPICAL TERM
Topical term or geographic name entry element African Continental Ancestry Group
General subdivision history
830 #0 - SERIES ADDED ENTRY--UNIFORM TITLE
Uniform title Pub. (National League for Nursing)
Holdings
Withdrawn status Lost status Damaged status Not for loan Home library Current library Shelving location Date acquired Total checkouts Full call number Barcode Date last seen Price effective from Koha item type
        Riverside Riverside General stacks 22/03/2026   GEN BC0010363 22/03/2026 22/03/2026 Books